| 000 | 00537nam a2200193Ia 4500 | ||
|---|---|---|---|
| 008 | 180207s9999 xx 000 0 und d | ||
| 020 | _a9780746091401 | ||
| 050 | _bM158 2006 | ||
| 100 | _aMackinnon, Mairi | ||
| 245 | 4 | _aThe goose that laid the golden eggs / | |
| 245 | _cretold by Mairi Mackinnon ; illustrated by Daniel Howarth. | ||
| 260 | _aLondon : | ||
| 260 | _bUsborne Publishing Ltd., | ||
| 260 | _c2006 | ||
| 300 | _a48 pages : | ||
| 300 | _bchiefly colored ; | ||
| 300 | _c19cm. | ||
| 440 | _aUsborne first reading. | ||
| 999 |
_c355635 _d355635 |
||